000 00287nam a22001337a 4500
003 SGT
020 _a9789381225622
082 _a080
_bK14K
100 _aKOTHARI, GULAB
245 _aKAAM: THE INHERENT DESIRES
260 _bPATRIKA PUBLICATIONS
_c2014
300 _a68
942 _2ddc
_cBK
999 _c31902
_d31902